| 000 | 00752nam a2200253Ia 4500 | ||
|---|---|---|---|
| 003 | OSt | ||
| 005 | 20220926012815.0 | ||
| 006 | a|||||r|||| 00| 0 | ||
| 007 | ta | ||
| 008 | 220923b |||||||| |||| 00| 0 eng d | ||
| 020 | _a0029049806 | ||
| 037 | _cGeneral Book | ||
| 040 |
_aRTL _cRTL _beng |
||
| 041 |
_2eng _aeng |
||
| 082 | _aX9(J3):75.73.N7, L7 | ||
| 100 |
_aBrown Peter G Ed. _9317281 |
||
| 245 | 0 |
_aFood policy _b The responsibility of the United Sate |
|
| 260 |
_aNew York _bFree Press USA _c1977 |
||
| 300 |
_aviii, 344p. _ccm. |
||
| 650 | _aFood Industry | ||
| 700 |
_a Shue Henry Ed. _9317282 |
||
| 942 |
_hX9(J3):75.73.N7, L7 _cGB _2CC |
||
| 999 |
_c624375 _d624375 |
||